| 000 | nam a22 7a 4500 | ||
|---|---|---|---|
| 999 |
_c15758 _d15758 |
||
| 008 | 161104b xxu||||| |||| 00| 0 eng d | ||
| 020 | _a9780444626301 | ||
| 050 | _aREF RF 290 .H863 2015 | ||
| 100 | _aAmoniff, Michael J. | ||
| 245 |
_aThe human auditory system : _bFundermental organization and clinical disorders( vol.129)/ _cMichael J. Aminoff, Francois Boller and Dick F. Swaab. |
||
| 260 |
_aLondon : _belsevier, _c2015. |
||
| 300 |
_a704p. : _bIll. ; _c27cm. |
||
| 500 | _aInclude index. | ||
| 650 | _aHearing disorders. | ||
| 650 | _aAuditory pathology. | ||
| 650 | _aHearing. | ||
| 700 | _aBoller, Francois. | ||
| 700 | _aSwaab, Dick F. | ||
| 942 |
_2lcc _cBOOKS _hREF RF 290 .H863 2015 |
||